| 000 | 00759nas a2200253 4500 | ||
|---|---|---|---|
| 001 | BR2012007030 | ||
| 003 | BR-BrBNA | ||
| 005 | 20231205121201.0 | ||
| 007 | ta | ||
| 008 | 230509b bl.|||p| |||| 00| 00por d | ||
| 040 |
_aBR-BrBNA _bpor _cBiblioteca Nacional de Agricultura |
||
| 041 | _a(Pt) | ||
| 072 | _aM12 | ||
| 100 | 1 | _aChristo, S.W. | |
| 100 | 1 | _aAbsher, T.M. | |
| 245 | 1 | _aCrescimento da prodissoconcha de ostras do gênero Crassostrea sacco, 1897 (BIVALVIA, OSTREIDAE) | |
| 650 | _aOSTRA | ||
| 650 | _aLARVA | ||
| 650 | _aCRESCIMENTO | ||
| 650 | _aCONCHA | ||
| 773 | 0 |
_tBoletim do Instituto de Pesca (Brazil) _xISSN 0046-9939 _g(2008), v. 34(1) p. 71-77 _wBR2012007030 |
|
| 909 |
_a202311 _bLúcia _c55 _dLúcia Elande |
||
| 942 |
_2AGRIS _n0 _cANA |
||
| 999 |
_c222218 _d222218 |
||